|
|
|
|
| LEADER |
00000nas a2200000 a 4500 |
| 001 |
ssj0012541 |
| 003 |
WaSeSS |
| 005 |
20200512172242.0 |
| 006 |
m d |
| 007 |
cr n |
| 008 |
870323d198u2006ohubr p s 0 a0eng d |
| 010 |
|
|
|a sn 87002061
|
| 022 |
|
|
|l 0893-1097
|y 0893-1097
|
| 032 |
|
|
|a 002529
|b USPS
|
| 035 |
|
|
|a (WaSeSS)ssj0012541
|
| 037 |
|
|
|b F & W Publications, Inc., 9933 Alliance Rd., Cincinnati, OH 45242
|
| 040 |
|
|
|a NSD
|b eng
|c NSD
|d JED
|d OCLCQ
|d OCLCF
|d OCLCA
|d WaSeSS
|
| 042 |
|
|
|a nsdp
|
| 082 |
1 |
0 |
|a 745
|2 11
|
| 210 |
0 |
|
|a Decor. artist. workb.
|
| 222 |
|
0 |
|a Decorative artist's workbook
|
| 245 |
0 |
0 |
|a Decorative artist's workbook
|h [electronic resource].
|
| 260 |
|
|
|a [Cincinnati, Ohio :
|b F & W Publications],
|c -c2006.
|
| 310 |
|
|
|a Bimonthly
|
| 362 |
0 |
|
|a -June 2006.
|
| 506 |
|
|
|a License restrictions may limit access.
|
| 588 |
|
|
|a Description based on: Vol. 14, no. 3 (July/Aug. 1987); title from cover.
|
| 650 |
|
0 |
|a Handicraft
|v Periodicals.
|
| 650 |
|
0 |
|a Painting
|v Periodicals.
|
| 650 |
|
7 |
|a Handicraft.
|2 fast
|0 (OCoLC)fst00950959
|
| 650 |
|
7 |
|a Painting.
|2 fast
|0 (OCoLC)fst01050567
|
| 655 |
|
0 |
|a Electronic journals.
|
| 780 |
0 |
0 |
|t Artist's workbook
|
| 856 |
4 |
0 |
|z Full text available from Research Library: 01/01/1998 to 10/31/2001
|u https://search.proquest.com/publication/38144
|